Administración de personal y recursos humanos

Saved in:
Bibliografiske detaljer
Main Authors: Werther, William B (Author), Davis, Keith (Author)
Format: Bog
Sprog:spansk
Udgivet: Ciudad de México McGraw-Hill 1991
Udgivelse:3a. ed
Fag:
Tags: Tilføj Tag
Ingen Tags, Vær først til at tagge denne postø!

MARC

LEADER 00000nam a2200000 a 4500
001 UCV6900
003 CL-VaPUC
008 930325e19910000MX |||||||||||||||||spa|d
082 0 4 |a 658.3  |b WER  |2 21 
100 0 |a Werther, William B  |e author  |9 300903 
700 0 |a Davis, Keith  |e author  |9 300904 
245 1 0 |a Administración de personal y recursos humanos 
250 |a 3a. ed 
300 |a 395 p 
942 |c BK 
945 |d 19930325 00:00:00  |a awong 
260 |a Ciudad de México  |b McGraw-Hill  |c 1991 
650 0 |a Administración del personal  |9 260442 
650 0 |a Recursos humanos   |9 228420 
583 |a last modification  |c 19930325 00:00:00  |k Rodrigo Vera 
999 |c 212716  |d 212714 
952 |0 0  |1 0  |4 0  |6 658_300000000000000_WER_1991  |7 0  |8 A  |9 194175  |a BIBEDU  |b BIBEDU  |d 2019-11-14  |i 2623404  |o 658.3 WER 1991  |p 2623404  |r 2019-11-14  |w 2019-11-14  |y BK  |k EDU 
952 |0 0  |1 0  |4 0  |6 658_300000000000000_WER_1991  |7 0  |8 A  |9 194176  |a BIBENE  |b BIBENE  |d 2019-11-14  |i 2623420  |o 658.3 WER 1991  |p 2623420  |r 2025-01-15  |w 2019-11-14  |y BK  |k ICO 
952 |0 0  |1 0  |4 0  |6 658_300000000000000_WER_1991  |7 0  |8 A  |9 194177  |a BIBENE  |b BIBENE  |d 2019-11-14  |i 2623439  |o 658.3 WER 1991  |p 2623439  |r 2025-01-15  |w 2019-11-14  |y BK  |k ICO 
952 |0 0  |1 0  |4 0  |6 658_300000000000000_WER_1991  |7 0  |8 A  |9 194178  |a BIBENE  |b BIBENE  |d 2019-11-14  |i 2623447  |o 658.3 WER 1991  |p 2623447  |r 2025-01-15  |w 2019-11-14  |y BK  |k ICO 
952 |0 0  |1 0  |4 0  |6 658_300000000000000_WER_1991  |7 0  |8 A  |9 194179  |a BIBENE  |b BIBENE  |d 2019-11-14  |i 2623455  |o 658.3 WER 1991  |p 2623455  |r 2025-01-15  |w 2019-11-14  |y BK  |k ICO 
952 |0 0  |1 0  |4 0  |6 658_300000000000000_WER_1991  |7 0  |8 A  |9 194180  |a BIBGIM  |b BIBGIM  |d 2019-11-14  |i 3081699  |o 658.3 WER 1991  |p 3081699  |r 2025-01-15  |w 2019-11-14  |y BK  |k COM 
952 |0 0  |1 0  |4 0  |6 658_300000000000000_WER_1991  |7 0  |8 A  |9 194181  |a BIBING  |b BIBING  |d 2019-11-14  |i 3798518  |o 658.3 WER 1991  |p 3798518  |r 2025-01-20  |w 2019-11-14  |y BK  |k EII